<?xml version="1.0" encoding="UTF-8"?>
<collection xmlns="http://www.loc.gov/MARC21/slim">
 <record>
  <leader>     na                 </leader>
  <controlfield tag="001">INLIS000000001503009</controlfield>
  <controlfield tag="005">20260406082833</controlfield>
  <datafield tag="035" ind1=" " ind2=" ">
   <subfield code="a">0010-0426000007</subfield>
  </datafield>
  <controlfield tag="007">ta</controlfield>
  <controlfield tag="008">260406                g          0 ind  </controlfield>
  <datafield tag="020" ind1=" " ind2=" ">
   <subfield code="a">978-634-7506-53-5</subfield>
  </datafield>
  <datafield tag="082" ind1=" " ind2=" ">
   <subfield code="a">631.584</subfield>
  </datafield>
  <datafield tag="084" ind1=" " ind2=" ">
   <subfield code="a">631.584 RAH b</subfield>
  </datafield>
  <datafield tag="100" ind1="0" ind2=" ">
   <subfield code="a">Rahmawati Ning Utami</subfield>
   <subfield code="e">Pengarang</subfield>
  </datafield>
  <datafield tag="245" ind1="1" ind2=" ">
   <subfield code="a">Budidaya Tanaman Organik :</subfield>
   <subfield code="b">Kualitas, Keamanan, dan Kesehatan /</subfield>
   <subfield code="c">Dr. Rahmawati Ning Utami, S.Pd., M.Si. Dr. Ismi Puji Ruwaida, S.P., M.P. Prof. Dr. Ir. Elfarisna, M.Si. Ikhsan Hasibuan, M.Sc. Dr. Niken Rani Wandansari, S.P., M.Si. Danar Hadisugelar, S.P., M.Si. Saiful Mahdi, S.P., M.Si. Dr. Ferdianto Budi Samudra, S.P., M.Si. Donatus Kantur, S.P., M.P. Dr. Rika Despita, S.ST., M.P. Dr. Irianti Kurniasari, S.P., M.Biotech. Dr. Arum Pratiwi, S.P., M.P. Ir. Pantja Siwi Veni Rahaju Ingesti, M.P. Ir. Maria Klara Salli, M.P.</subfield>
  </datafield>
  <datafield tag="250" ind1=" " ind2=" ">
   <subfield code="a">Cetakan pertama, Desember 2025</subfield>
  </datafield>
  <datafield tag="300" ind1=" " ind2=" ">
   <subfield code="a">xi, 334 halaman. :</subfield>
   <subfield code="b">ilustrasi ;</subfield>
   <subfield code="c">21 cm.</subfield>
  </datafield>
  <datafield tag="700" ind1="0" ind2=" ">
   <subfield code="a">Ismi Puji Ruwaida</subfield>
   <subfield code="e">Pengarang</subfield>
  </datafield>
  <datafield tag="700" ind1="0" ind2=" ">
   <subfield code="a">Elfarisna</subfield>
   <subfield code="e">Pengarang</subfield>
  </datafield>
  <datafield tag="700" ind1="0" ind2=" ">
   <subfield code="a">Ikhsan Hasibuan</subfield>
   <subfield code="e">Pengarang</subfield>
  </datafield>
  <datafield tag="700" ind1="0" ind2=" ">
   <subfield code="a">Niken Rani Wandansari</subfield>
   <subfield code="e">Pengarang</subfield>
  </datafield>
  <datafield tag="700" ind1="0" ind2=" ">
   <subfield code="a">Danar Hadisugelar</subfield>
   <subfield code="e">Pengarang</subfield>
  </datafield>
  <datafield tag="700" ind1="0" ind2=" ">
   <subfield code="a">Saiful Mahdi</subfield>
   <subfield code="e">Pengarang</subfield>
  </datafield>
  <datafield tag="700" ind1="0" ind2=" ">
   <subfield code="a">Ferdianto Budi Samudra</subfield>
   <subfield code="e">Pengarang</subfield>
  </datafield>
  <datafield tag="700" ind1="0" ind2=" ">
   <subfield code="a">Donatus Kantur</subfield>
   <subfield code="e">Pengarang</subfield>
  </datafield>
  <datafield tag="700" ind1="0" ind2=" ">
   <subfield code="a">Rika Despita</subfield>
   <subfield code="e">Pengarang</subfield>
  </datafield>
  <datafield tag="700" ind1="0" ind2=" ">
   <subfield code="a">Irianti Kurniasari</subfield>
   <subfield code="e">Pengarang</subfield>
  </datafield>
  <datafield tag="700" ind1="0" ind2=" ">
   <subfield code="a">Arum Pratiwi</subfield>
   <subfield code="e">Pengarang</subfield>
  </datafield>
  <datafield tag="700" ind1="0" ind2=" ">
   <subfield code="a">Pantja Siwi Veni Rahaju Ingesti</subfield>
   <subfield code="e">Pengarang</subfield>
  </datafield>
  <datafield tag="700" ind1="0" ind2=" ">
   <subfield code="a">Maria Klara Salli</subfield>
   <subfield code="e">Pengarang</subfield>
  </datafield>
  <datafield tag="700" ind1="0" ind2=" ">
   <subfield code="a">Weni Yuliani, S.Si., M.M., C.Ed</subfield>
   <subfield code="e">Penyunting</subfield>
  </datafield>
  <datafield tag="700" ind1="0" ind2=" ">
   <subfield code="a">Fera Malta, S.TP.</subfield>
   <subfield code="e">Penyunting</subfield>
  </datafield>
  <datafield tag="336" ind1=" " ind2=" ">
   <subfield code="2">rdacontent</subfield>
   <subfield code="a">teks</subfield>
  </datafield>
  <datafield tag="337" ind1=" " ind2=" ">
   <subfield code="2">rdamedia</subfield>
   <subfield code="a">tanpa perantara</subfield>
  </datafield>
  <datafield tag="338" ind1=" " ind2=" ">
   <subfield code="2">rdacarrier</subfield>
   <subfield code="a">volume</subfield>
  </datafield>
  <datafield tag="264" ind1=" " ind2=" ">
   <subfield code="a">Padang Pariaman :</subfield>
   <subfield code="b">Lingkar Edukasi Indonesia,</subfield>
   <subfield code="c">2025</subfield>
  </datafield>
  <datafield tag="650" ind1=" " ind2="4">
   <subfield code="a">Pertanian organik</subfield>
  </datafield>
  <datafield tag="520" ind1=" " ind2=" ">
   <subfield code="a">Buku Budidaya Tanaman Organik: Kualitas, Keamanan, dan Kesehatan ini memberikan gambaran lengkap tentang bagaimana bercocok tanam secara organik, mulai dari konsep dasar, manfaat, sampai teknik-teknik penting yang bisa diterapkan di lapangan. Di dalamnya dibahas berbagai hal seperti cara memilih lahan, mengolah tanah dengan pupuk organik, mengendalikan hama secara alami, hingga teknik irigasi dan penggunaan benih organik. Setiap bab ditulis oleh para ahli sehingga pembaca mendapatkan penjelasan yang jelas, runtut, dan mudah diikuti, baik untuk pemula maupun yang sudah berpengalaman di bidang pertanian.&#13;
&#13;
Buku ini juga menjelaskan bagaimana memastikan produk organik tetap aman, berkualitas, dan memenuhi standar yang berlaku. Pembaca akan menemukan penjelasan tentang proses panen dan pascapanen, sertifikasi, pelabelan, hingga regulasi produk organik. Selain itu, buku ini mengangkat peluang serta tantangan pertanian organik di masa kini, termasuk inovasi yang bisa mendukung pertanian berkelanjutan. Secara keseluruhan, buku ini menjadi panduan praktis dan informatif bagi siapa saja yang ingin mengenal atau mengembangkan budidaya tanaman organik secara lebih baik.</subfield>
  </datafield>
  <datafield tag="990" ind1=" " ind2=" ">
   <subfield code="a">2026/HD/0012</subfield>
  </datafield>
 </record>
</collection>
